TOP 20 #hot16challenge2 - Statystyki

Ogólne statystyki
  • Ten quiz został rozwiązany 283 razy
  • Średni wynik to 9 z 20
Statystyki odpowiedzi
# views wykonawca % Poprawnych
1 63 mln Szpaku
81%
6 14 mln FRIZ
75%
5 14 mln WERSOW
70%
9 11 mln Bedoes
65%
8 12 mln MATA
65%
2 26 mln YOUNG IGI
65%
4 15 mln MARCYSIA
52%
3 18 mln TACONAFIDE
49%
10 10 mln MURCIX
48%
7 13 mln Andrzej Duda
46%
16 7,3 mln WHITE 2115
44%
14 8,1 mln Taco Hemingway
42%
11 9,8 mln Tata Maty
37%
12 9,7 mln MARCIN DUBIEL x ADIS
25%
17 7,2 mln NATSU
23%
13 9,7 mln Dawid Podsiadło
21%
19 6,6 mln Kuban
16%
18 6,7 mln CLEO
10%
20 6,5 mln Roksana Węgiel
10%
15 7,5 mln PALION
7%
Nie znaleziono quizów pasujących do podanych kryteriów
Rozkład punktacji
Procent ludzi z każdym wynikiem
Percentyl według liczby udzielonych odpowiedzi
Twoja historia wyników
Nie rozwiązałeś tego quizu